[Event "POL-chT1"]
[Site "Szklarska Poreba"]
[Date "2013.09.14"]
[Round "8"]
[White "Kolosowski, Mateusz"]
[Black "Jasnikowski, Zbigniew"]
[Result "1-0"]
[WhiteElo "2423"]
[BlackElo "2358"]
[PlyCount "66"]
[EventDate "2013.09.07"]
[EventType "team-tourn"]
[EventRounds "9"]
[EventCountry "POL"]
[SourceTitle "EXT 2015"]
[Source "ChessBase"]
[SourceDate "2014.11.20"]
[SourceVersion "1"]
[SourceVersionDate "2014.11.20"]
[SourceQuality "1"]
[WhiteTeam "Gminy Pawlowice"]
[BlackTeam "Gant Hetman"]
[WhiteTeamCountry "POL"]
[BlackTeamCountry "POL"]

1. e4 c5 2. Nc3 e6 3. Nge2 Nc6 4. g3 Nf6 5. Bg2 d6 6. 0-0 Be7 7. d3 Rb8 8. f4 Nd7 9. Be3 0-0 10. f5 Nde5 11. h3 b5 12. fxe6 fxe6 13. Nf4 Nd4 14. Nce2 Nxe2+ 15. Qxe2 Bd7 16. h4 g6 17. Bh3 Qc8 18. Rf2 Bf6 19. Raf1 Bg7 20. h5 Qe8 21. Kh1 Qe7 22. hxg6 hxg6 23. d4 cxd4 24. Bxd4 Rf6 25. Bxa7 Ra8 26. Bd4 Rxa2 27. g4 g5 28. Nh5 Rxf2 29. Qxf2 Bc6 30. Nxg7 Qxg7 31. Bxe5 dxe5 32. Qb6 Bxe4+ 33. Bg2 Bc6 1-0

[Event "POL-chT1"]
[Site "Szklarska Poreba"]
[Date "2013.09.12"]
[Round "6"]
[White "Jasnikowski, Zbigniew"]
[Black "Kuzmicz, Krystian"]
[Result "1/2-1/2"]
[WhiteElo "2358"]
[BlackElo "2468"]
[PlyCount "28"]
[EventDate "2013.09.07"]
[EventType "team-tourn"]
[EventRounds "9"]
[EventCountry "POL"]
[SourceTitle "EXT 2015"]
[Source "ChessBase"]
[SourceDate "2014.11.20"]
[SourceVersion "1"]
[SourceVersionDate "2014.11.20"]
[SourceQuality "1"]
[WhiteTeam "Gant Hetman"]
[BlackTeam "Pultusk Nadnarwianka"]
[WhiteTeamCountry "POL"]
[BlackTeamCountry "POL"]

1. d4 d5 2. c4 Nc6 3. Nf3 Bg4 4. cxd5 Bxf3 5. dxc6 Bxc6 6. Nc3 e6 7. e4 Bb4 8. f3 Qh4+ 9. g3 Qf6 10. Be3 0-0-0 11. Bg2 Bc5 12. Ne2 Bb4+ 13. Nc3 Bc5 14. Ne2 Bb4+ 1/2-1/2

[Event "POL-chT1"]
[Site "Szklarska Poreba"]
[Date "2013.09.08"]
[Round "2"]
[White "Jasnikowski, Zbigniew"]
[Black "Tazbir, Marcin"]
[Result "1/2-1/2"]
[WhiteElo "2358"]
[BlackElo "2552"]
[PlyCount "96"]
[EventDate "2013.09.07"]
[EventType "team-tourn"]
[EventRounds "9"]
[EventCountry "POL"]
[SourceTitle "EXT 2015"]
[Source "ChessBase"]
[SourceDate "2014.11.20"]
[SourceVersion "1"]
[SourceVersionDate "2014.11.20"]
[SourceQuality "1"]
[WhiteTeam "Gant Hetman"]
[BlackTeam "Krakow Wisla"]
[WhiteTeamCountry "POL"]
[BlackTeamCountry "POL"]

1. d4 c5 2. d5 Nf6 3. Nc3 d6 4. e4 e5 5. Nf3 g6 6. Bb5+ Nbd7 7. a4 Bg7 8. 0-0 0-0 9. a5 Ne8 10. a6 bxa6 11. Bxa6 Nc7 12. Bxc8 Qxc8 13. Qe2 Qb7 14. Nd2 Nb6 15. Nb3 f5 16. Na5 Qc8 17. f3 Qd7 18. Be3 Nc8 19. Rfb1 fxe4 20. fxe4 Ne7 21. h3 Rab8 22. Nc4 Rb7 23. Qg4 Qxg4 24. hxg4 Ne8 25. g5 Rf7 26. Ra6 Nc8 27. Rc6 Rb8 28. b3 Bf8 29. Rf1 Rd7 30. g3 Be7 31. Kg2 Bd8 32. Ra6 Nb6 33. Nxb6 Bxb6 34. Nb5 Rbb7 35. c4 Kg7 36. Rf2 Rf7 37. Kf1 Rxf2+ 38. Kxf2 Kf8 39. Ke2 Ke7 40. Ra1 Kd7 41. Rf1 a6 42. Rf7+ Kc8 43. Rf8 axb5 44. Rxe8+ Bd8 45. cxb5 Rxb5 46. Bd2 Kd7 47. Rh8 Rxb3 48. Rxh7+ Be7 1/2-1/2

[Event "POL-chT 2nd League"]
[Site "Lazy"]
[Date "2012.09.04"]
[Round "4"]
[White "Jasnikowski, Zbigniew"]
[Black "Stachanczyk, Jacek"]
[Result "1-0"]
[WhiteElo "2367"]
[BlackElo "2247"]
[PlyCount "51"]
[EventDate "2012.09.01"]
[EventType "team-swiss"]
[EventRounds "9"]
[EventCountry "POL"]
[SourceTitle "EXT 2019"]
[Source "ChessBase"]
[SourceDate "2018.10.10"]
[SourceVersion "1"]
[SourceVersionDate "2018.10.10"]
[SourceQuality "1"]
[WhiteTeam "Gant Hetman"]
[BlackTeam "Jaworzno JKSz MCKiS"]
[WhiteTeamCountry "POL"]
[BlackTeamCountry "POL"]

1. c4 e5 2. Nc3 Nf6 3. Nf3 Nc6 4. g3 Bb4 5. Bg2 0-0 6. 0-0 Re8 7. Nd5 Bc5 8. d3 h6 9. e3 a6 10. a3 d6 11. b4 Ba7 12. Nd2 Nxd5 13. cxd5 Ne7 14. Bb2 c6 15. dxc6 Nxc6 16. Rc1 d5 17. Nb3 Qd6 18. Nc5 b6 19. Nb3 Be6 20. Qe2 a5 21. b5 Ne7 22. f4 f6 23. fxe5 fxe5 24. Qh5 Kh7 25. Bxe5 Qxa3 26. Bxg7 1-0

[Event "POL-chT 2nd League"]
[Site "Mrzezyno"]
[Date "2011.09.09"]
[Round "7"]
[White "Mulet, Piotr"]
[Black "Jasnikowski, Zbigniew"]
[Result "1/2-1/2"]
[WhiteElo "2284"]
[BlackElo "2376"]
[PlyCount "55"]
[EventDate "2011.09.03"]
[EventType "team-swiss"]
[EventRounds "9"]
[EventCountry "POL"]
[SourceTitle "EXT 2015"]
[Source "ChessBase"]
[SourceDate "2014.11.20"]
[SourceVersion "1"]
[SourceVersionDate "2014.11.20"]
[SourceQuality "1"]
[WhiteTeam "Gliwice Roszada Sikornik"]
[BlackTeam "Wroclaw Hetman"]
[WhiteTeamCountry "POL"]
[BlackTeamCountry "POL"]

1. e4 c5 2. c3 Nf6 3. e5 Nd5 4. Nf3 d6 5. d4 cxd4 6. cxd4 Nc6 7. Bc4 Nb6 8. Bb5 dxe5 9. Nxe5 Bd7 10. Nxd7 Qxd7 11. 0-0 e6 12. Qg4 a6 13. Bxc6 Qxc6 14. Nc3 Nd5 15. Re1 Nxc3 16. bxc3 g6 17. d5 Qxd5 18. c4 Qf5 19. Qd4 f6 20. g4 Bc5 21. gxf5 Bxd4 22. Rxe6+ Kd7 23. Rb1 gxf5 24. Re2 Kc6 25. Re6+ Kd7 26. Re2 Kc6 27. Re6+ Kd7 28. Re2 1/2-1/2

[Event "POL-chT 2nd League"]
[Site "Mrzezyno"]
[Date "2011.09.04"]
[Round "2"]
[White "Jasnikowski, Zbigniew"]
[Black "Banasik, Krzysztof"]
[Result "1-0"]
[WhiteElo "2376"]
[BlackElo "2241"]
[PlyCount "49"]
[EventDate "2011.09.03"]
[EventType "team-swiss"]
[EventRounds "9"]
[EventCountry "POL"]
[SourceTitle "EXT 2015"]
[Source "ChessBase"]
[SourceDate "2014.11.20"]
[SourceVersion "1"]
[SourceVersionDate "2014.11.20"]
[SourceQuality "1"]
[WhiteTeam "Wroclaw Hetman"]
[BlackTeam "Prudnik LKS Zarzewie"]
[WhiteTeamCountry "POL"]
[BlackTeamCountry "POL"]

1. d4 Nf6 2. c4 e6 3. Nf3 Bb4+ 4. Bd2 Qe7 5. Nc3 0-0 6. Qc2 d6 7. a3 Bxc3 8. Bxc3 Nbd7 9. e4 e5 10. d5 Nc5 11. Nd2 a5 12. b4 axb4 13. axb4 Rxa1+ 14. Bxa1 Na6 15. Bc3 Nh5 16. g3 f5 17. exf5 Bxf5 18. Bd3 Bxd3 19. Qxd3 Qg5 20. 0-0 Nf4 21. Qe4 Qg4 22. f3 Nh3+ 23. Kg2 Qh5 24. f4 Qh6 25. fxe5 1-0

[Event "POL-chT 2nd League"]
[Site "Mrzezyno"]
[Date "2011.09.03"]
[Round "1"]
[White "Cyfka, Karina"]
[Black "Jasnikowski, Zbigniew"]
[Result "1-0"]
[WhiteElo "2353"]
[BlackElo "2376"]
[PlyCount "74"]
[EventDate "2011.09.03"]
[EventType "team-swiss"]
[EventRounds "9"]
[EventCountry "POL"]
[SourceTitle "EXT 2015"]
[Source "ChessBase"]
[SourceDate "2014.11.20"]
[SourceVersion "1"]
[SourceVersionDate "2014.11.20"]
[SourceQuality "1"]
[WhiteTeam "Rybnik MKSz"]
[BlackTeam "Wroclaw Hetman"]
[WhiteTeamCountry "POL"]
[BlackTeamCountry "POL"]

1. e4 c5 2. Nf3 e6 3. d4 cxd4 4. Nxd4 Nf6 5. Nc3 d6 6. Be2 a6 7. 0-0 Qc7 8. Be3 Be7 9. a4 Nc6 10. f4 0-0 11. Nb3 b6 12. Kh1 Bb7 13. Bf3 Nd7 14. Qd2 Nc5 15. Qf2 f5 16. exf5 Rxf5 17. Rae1 Bf6 18. Nxc5 bxc5 19. Ne4 Ne7 20. g4 Rd5 21. c4 Rd3 22. Qc2 Rxe3 23. Nxf6+ gxf6 24. Rxe3 Nc6 25. Qg2 Re8 26. Rfe1 e5 27. Bd5+ Kg7 28. Rb3 Ba8 29. Rh3 Bb7 30. Ree3 Re7 31. Qe4 Kf8 32. Qf5 Rf7 33. Qe4 Nd4 34. Bxb7 Qxb7 35. Qxb7 Rxb7 36. fxe5 fxe5 37. Rh6 Rxb2 1-0

[Event "POL-chT 64th"]
[Site "Karpacz"]
[Date "2008.09.10"]
[Round "5"]
[White "Jasnikowski, Zbigniew"]
[Black "Fedorchuk, Sergey A"]
[Result "0-1"]
[WhiteElo "2402"]
[BlackElo "2624"]
[PlyCount "86"]
[EventDate "2008.09.06"]
[EventType "team-swiss"]
[EventRounds "9"]
[EventCountry "POL"]
[SourceTitle "EXT 2019"]
[Source "ChessBase"]
[SourceDate "2018.10.10"]
[SourceVersion "1"]
[SourceVersionDate "2018.10.10"]
[SourceQuality "1"]
[WhiteTeam "Brzeg Prokonex"]
[BlackTeam "Jaworzno JKSz MCKiS"]
[WhiteTeamCountry "POL"]
[BlackTeamCountry "POL"]

1. d4 Nf6 2. c4 e6 3. Nf3 b6 4. g3 Bb4+ 5. Bd2 c5 6. Bxb4 cxb4 7. Bg2 Bb7 8. 0-0 0-0 9. Nbd2 d6 10. Qb3 a5 11. a3 Na6 12. Qd3 Qc7 13. Rfd1 Rfe8 14. Nh4 Bxg2 15. Nxg2 Qb7 16. e4 e5 17. f3 bxa3 18. bxa3 Nc7 19. Ne3 Ne6 20. dxe5 dxe5 21. Nd5 Nd7 22. Rab1 Rac8 23. Qe3 Rc6 24. Kg2 h6 25. h4 Qb8 26. Rf1 Qd6 27. Rfd1 Kh8 28. Rf1 Nd4 29. Rb2 Nc5 30. f4 f5 31. fxe5 Qxe5 32. Rxb6 Rxb6 33. Nxb6 fxe4 34. Nd5 Nd3 35. Nf4 Nc2 36. Ng6+ Kh7 37. Qb6 Qb8 38. Qxb8 Rxb8 39. Rf8 Rxf8 40. Nxf8+ Kg8 41. Nd7 e3 42. Nf3 e2 43. c5 Nd4 0-1

[Event "POL-chT 64th"]
[Site "Karpacz"]
[Date "2008.09.07"]
[Round "2"]
[White "Tazbir, Marcin"]
[Black "Jasnikowski, Zbigniew"]
[Result "1-0"]
[WhiteElo "2450"]
[BlackElo "2402"]
[PlyCount "117"]
[EventDate "2008.09.06"]
[EventType "team-swiss"]
[EventRounds "9"]
[EventCountry "POL"]
[SourceTitle "EXT 2019"]
[Source "ChessBase"]
[SourceDate "2018.10.10"]
[SourceVersion "1"]
[SourceVersionDate "2018.10.10"]
[SourceQuality "1"]
[WhiteTeam "Plock PTSz"]
[BlackTeam "Brzeg Prokonex"]
[WhiteTeamCountry "POL"]
[BlackTeamCountry "POL"]

1. d4 Nf6 2. c4 g6 3. g3 c6 4. Bg2 d5 5. Nf3 Bg7 6. 0-0 0-0 7. b3 Ne4 8. Bb2 Bf5 9. Nbd2 Nd7 10. Nxe4 Bxe4 11. Nd2 Bxg2 12. Kxg2 c5 13. cxd5 cxd4 14. Nf3 Nb6 15. Bxd4 Bxd4 16. Qxd4 Qxd5 17. Qe3 Rad8 18. Qxe7 Rfe8 19. Qf6 Qe4 20. e3 Nd5 21. Qh4 Qc2 22. Kg1 Nc3 23. Qf6 Rd5 24. Nd4 Ne2+ 25. Nxe2 Qxe2 26. Rfe1 Qd2 27. Qf3 Red8 28. e4 Rd3 29. Qe2 Qa5 30. e5 Qd5 31. e6 fxe6 32. Qxe6+ Qxe6 33. Rxe6 Rd1+ 34. Rxd1 Rxd1+ 35. Kg2 Rd2 36. a4 Rb2 37. Re3 Kf7 38. g4 g5 39. Kg3 Kg6 40. h3 h5 41. gxh5+ Kxh5 42. f4 Kg6 43. fxg5 Kxg5 44. Re5+ Kf6 45. Rb5 b6 46. h4 Rb1 47. Kf4 Rf1+ 48. Ke4 Ke6 49. h5 Kd6 50. Rd5+ Kc6 51. Rg5 a5 52. Rf5 Rb1 53. h6 Rh1 54. Rf6+ Kc5 55. Kf5 b5 56. axb5 Kxb5 57. Kg6 Kb4 58. Rf5 Kxb3 59. Rxa5 1-0

[Event "Oberliga Nord N 0708"]
[Site "Germany"]
[Date "2007.11.04"]
[Round "2.5"]
[White "Laqua, Christian"]
[Black "Jasnikowski, Zbigniew"]
[Result "1/2-1/2"]
[WhiteElo "2172"]
[BlackElo "2403"]
[PlyCount "69"]
[EventDate "2007.10.21"]
[EventType "team-tourn"]
[EventRounds "9"]
[EventCountry "GER"]
[SourceTitle "EXT 2009"]
[Source "ChessBase"]
[SourceDate "2008.11.26"]
[SourceVersion "1"]
[SourceVersionDate "2008.11.26"]
[SourceQuality "1"]
[WhiteTeam "Hamburg Diogenes"]
[BlackTeam "Neukloster"]
[WhiteTeamCountry "GER"]
[BlackTeamCountry "GER"]

1. c4 Nf6 2. g3 c6 3. Nf3 d5 4. b3 g6 5. Bb2 Bg7 6. Bg2 0-0 7. 0-0 Nbd7 8. Qc2 Re8 9. Nc3 dxc4 10. bxc4 e5 11. Rfd1 Qe7 12. d3 h6 13. Rab1 Nf8 14. Nd2 Ne6 15. e3 Ng5 16. Nce4 Nfxe4 17. Nxe4 Bg4 18. Rf1 Bf3 19. Bxf3 Nxf3+ 20. Kg2 Ng5 21. Nxg5 hxg5 22. Qb3 c5 23. e4 g4 24. Bc1 b6 25. f3 Rad8 26. fxg4 Rd6 27. Rf3 Qd7 28. Qb5 Qc8 29. Rb3 Red8 30. h3 R8d7 31. Ra3 Qb7 32. Qb1 Qc6 33. Qb5 Qb7 34. Qb1 Qc6 35. Qb5 1/2-1/2

[Event "POL-chT1"]
[Site "Chotowa"]
[Date "2007.09.10"]
[Round "8"]
[White "Jasnikowski, Zbigniew"]
[Black "Walach, Marcin"]
[Result "1/2-1/2"]
[WhiteElo "2403"]
[BlackElo "2367"]
[PlyCount "31"]
[EventDate "2007.09.03"]
[EventType "team"]
[EventRounds "9"]
[EventCountry "POL"]
[SourceTitle "EXT 2009"]
[Source "ChessBase"]
[SourceDate "2008.11.26"]
[SourceVersion "1"]
[SourceVersionDate "2008.11.26"]
[SourceQuality "1"]

1. d4 d5 2. c4 e6 3. Nf3 Nf6 4. Nc3 c6 5. Bg5 dxc4 6. e4 b5 7. e5 h6 8. Bh4 g5 9. Nxg5 hxg5 10. Bxg5 Nbd7 11. exf6 Bb7 12. g3 c5 13. d5 Bh6 14. Bxh6 Rxh6 15. Bg2 b4 16. Bf1 1/2-1/2

[Event "POL-chT1"]
[Site "Chotowa"]
[Date "2007.09.06"]
[Round "4"]
[White "Jasnikowski, Zbigniew"]
[Black "Barglowski, Filip"]
[Result "0-1"]
[WhiteElo "2403"]
[BlackElo "2377"]
[PlyCount "68"]
[EventDate "2007.09.03"]
[EventType "team"]
[EventRounds "9"]
[EventCountry "POL"]
[SourceTitle "EXT 2009"]
[Source "ChessBase"]
[SourceDate "2008.11.26"]
[SourceVersion "1"]
[SourceVersionDate "2008.11.26"]
[SourceQuality "1"]

1. d4 d5 2. c4 e6 3. Nf3 Nf6 4. Nc3 Be7 5. Bg5 0-0 6. e3 h6 7. Bh4 Ne4 8. Bxe7 Qxe7 9. Rc1 Nxc3 10. Rxc3 c6 11. Bd3 dxc4 12. Bxc4 Nd7 13. 0-0 b6 14. Qe2 Bb7 15. Ba6 Bxa6 16. Qxa6 c5 17. Rfc1 Qd6 18. dxc5 Qd5 19. b4 bxc5 20. bxc5 Ne5 21. Nxe5 Qxe5 22. c6 Qc7 23. Rb3 Rab8 24. Rb7 Rxb7 25. Qxb7 Rc8 26. Rc4 Rb8 27. Qxb8+ Qxb8 28. g3 Qb1+ 29. Kg2 Qxa2 30. Rc5 Qa3 31. Rc2 Qb3 32. Rc1 Qd5+ 33. e4 Qd8 34. c7 Qc8 0-1

[Event "POL-chT1"]
[Site "Chotowa"]
[Date "2007.09.04"]
[Round "2"]
[White "Jasnikowski, Zbigniew"]
[Black "Szwed, Jacek"]
[Result "1/2-1/2"]
[WhiteElo "2403"]
[BlackElo "2364"]
[PlyCount "41"]
[EventDate "2007.09.03"]
[EventType "team"]
[EventRounds "9"]
[EventCountry "POL"]
[SourceTitle "EXT 2009"]
[Source "ChessBase"]
[SourceDate "2008.11.26"]
[SourceVersion "1"]
[SourceVersionDate "2008.11.26"]
[SourceQuality "1"]

1. d4 e6 2. Nf3 c5 3. c4 cxd4 4. Nxd4 Nf6 5. Nc3 Bb4 6. Bd2 0-0 7. e3 Nc6 8. Nxc6 dxc6 9. Qc2 e5 10. Bd3 Be6 11. 0-0 a5 12. a3 Bd6 13. Rfd1 Re8 14. Ne4 Nxe4 15. Bxe4 g6 16. Bxa5 Qxa5 17. Rxd6 Qc5 18. Rad1 Qxc4 19. Qxc4 Bxc4 20. Rd7 Rab8 21. h4 1/2-1/2

[Event "POL-chT 1st League"]
[Site "Opole"]
[Date "2006.09.10"]
[Round "9"]
[White "Jasnikowski, Zbigniew"]
[Black "Hnydiuk, Aleksander"]
[Result "1/2-1/2"]
[WhiteElo "2411"]
[BlackElo "2366"]
[PlyCount "74"]
[EventDate "2006.09.01"]
[EventType "team-tourn"]
[EventRounds "9"]
[EventCountry "POL"]
[SourceTitle "CBM 114 Extra"]
[Source "ChessBase"]
[SourceDate "2006.11.03"]
[SourceVersion "1"]
[SourceVersionDate "2006.11.03"]
[SourceQuality "1"]
[WhiteTeam "Ostrow Wielkopolski"]
[BlackTeam "Brzeg Prokonex"]
[WhiteTeamCountry "POL"]
[BlackTeamCountry "POL"]

1. d4 Nf6 2. c4 e6 3. Nf3 d5 4. Nc3 c5 5. cxd5 Nxd5 6. e4 Nxc3 7. bxc3 cxd4 8. cxd4 Bb4+ 9. Bd2 Bxd2+ 10. Qxd2 0-0 11. Bc4 Nd7 12. 0-0 b6 13. d5 Nc5 14. Rfe1 exd5 15. exd5 Qd6 16. Nd4 Bd7 17. Nb5 Bxb5 18. Bxb5 Rad8 19. Rad1 Nb7 20. a4 Qf6 21. Qe2 Nd6 22. Bc6 Rc8 23. Qe7 Qxe7 24. Rxe7 a5 25. g3 Rfd8 26. Ra7 Kf8 27. Re1 g6 28. f4 h5 29. h3 Nf5 30. Kf2 Nd4 31. Ree7 Nxc6 32. Rxf7+ Kg8 33. Rg7+ Kf8 34. Raf7+ Ke8 35. dxc6 Rxc6 36. Re7+ Kf8 37. Rgf7+ Kg8 1/2-1/2

[Event "POL-chT 1st League"]
[Site "Opole"]
[Date "2006.09.02"]
[Round "1"]
[White "Jasnikowski, Zbigniew"]
[Black "Kalinin, Oleg"]
[Result "1/2-1/2"]
[WhiteElo "2411"]
[BlackElo "2354"]
[PlyCount "31"]
[EventDate "2006.09.01"]
[EventType "team-tourn"]
[EventRounds "9"]
[EventCountry "POL"]
[SourceTitle "CBM 114 Extra"]
[Source "ChessBase"]
[SourceDate "2006.11.03"]
[SourceVersion "1"]
[SourceVersionDate "2006.11.03"]
[SourceQuality "1"]
[WhiteTeam "Ostrow Wielkopolski"]
[BlackTeam "Dankowice Pasjonat"]
[WhiteTeamCountry "POL"]
[BlackTeamCountry "POL"]

1. d4 Nf6 2. c4 d6 3. Nf3 c6 4. Nc3 Bg4 5. e4 e6 6. d5 Nbd7 7. Be2 cxd5 8. cxd5 exd5 9. Nxd5 Be7 10. 0-0 0-0 11. Re1 Nc5 12. Nxe7+ Qxe7 13. Nd4 Bxe2 14. Rxe2 Qe5 15. f3 Rfd8 16. Be3 1/2-1/2

[Event "Warsaw AIG Life rapid"]
[Site "Warsaw"]
[Date "2005.12.18"]
[Round "9"]
[White "Bartel, Mateusz"]
[Black "Jasnikowski, Zbigniew"]
[Result "1-0"]
[WhiteElo "2513"]
[BlackElo "2405"]
[PlyCount "115"]
[EventDate "2005.12.17"]
[EventType "swiss (rapid)"]
[EventRounds "13"]
[EventCountry "POL"]
[SourceTitle "CBM 110 Extra"]
[Source "ChessBase"]
[SourceDate "2006.03.10"]
[SourceVersion "2"]
[SourceVersionDate "2006.03.10"]
[SourceQuality "1"]

1. d4 Nf6 2. c4 e6 3. Nf3 d5 4. Nc3 Be7 5. Bf4 0-0 6. e3 c5 7. cxd5 exd5 8. dxc5 Bxc5 9. Be2 Nc6 10. 0-0 a6 11. Rc1 Be7 12. Ne5 Nxe5 13. Bxe5 Be6 14. Qd4 Nd7 15. Nxd5 Bc5 16. Rxc5 Nxc5 17. Nc7 Qxd4 18. exd4 Nd7 19. Bd6 Nf6 20. Bxf8 Rxf8 21. Nxe6 fxe6 22. Bf3 Rd8 23. Rd1 b6 24. Kf1 Kf7 25. Ke2 Ke7 26. Ke3 Rc8 27. Kd3 a5 28. h4 Kd6 29. Re1 Rc7 30. g3 h6 31. Bg2 Nd5 32. Bxd5 Kxd5 33. f4 Kd6 34. a4 Rc8 35. h5 Rc7 36. b3 Rc8 37. g4 Rf8 38. Ke4 Rc8 39. Kd3 Rf8 40. Rf1 Kd5 41. Rf2 Rf7 42. Rf3 Rf8 43. Rf1 Rf7 44. f5 Rf8 45. Re1 exf5 46. Re5+ Kd6 47. gxf5 Rb8 48. Ke4 Kd7 49. Re6 b5 50. Ra6 bxa4 51. bxa4 Rb1 52. Rxa5 Ke7 53. Re5+ Kf7 54. a5 Re1+ 55. Kd5 Ra1 56. Kc6 Rd1 57. Rd5 Ra1 58. Kb6 1-0

[Event "Warsaw AIG Life rapid"]
[Site "Warsaw"]
[Date "2005.12.17"]
[Round "7"]
[White "Narmontas, Matas"]
[Black "Jasnikowski, Zbigniew"]
[Result "0-1"]
[WhiteElo "2222"]
[BlackElo "2405"]
[PlyCount "76"]
[EventDate "2005.12.17"]
[EventType "swiss (rapid)"]
[EventRounds "13"]
[EventCountry "POL"]
[SourceTitle "CBM 110 Extra"]
[Source "ChessBase"]
[SourceDate "2006.03.10"]
[SourceVersion "2"]
[SourceVersionDate "2006.03.10"]
[SourceQuality "1"]

1. e4 c6 2. d4 d5 3. f3 g6 4. Nc3 Bg7 5. Be3 Qb6 6. exd5 Qxb2 7. Nge2 Nf6 8. Rb1 Qa3 9. Rb3 Qa5 10. dxc6 bxc6 11. g3 Be6 12. Rb2 0-0 13. Bg2 Nbd7 14. 0-0 Nb6 15. Bf2 Rfd8 16. Ne4 Na4 17. Rb7 Nd5 18. c4 Ndb6 19. Rxe7 Bxc4 20. Re1 c5 21. Nd2 Bxe2 22. Qxe2 Nc3 23. Qd3 cxd4 24. f4 Rac8 25. Nf3 Ncd5 26. Rb7 Nb4 27. Qb3 N4d5 28. Ng5 Rc3 29. Qb1 Rf8 30. Qe4 Re3 31. Qb1 Nc3 32. Qc2 d3 33. Qb3 d2 34. Rxe3 d1Q+ 35. Qxd1 Nxd1 36. Ree7 Nd5 37. Rxf7 Bd4 38. Rf5 Qd8 0-1

[Event "POL-chT 1st League"]
[Site "Jarnoltowek"]
[Date "2005.09.09"]
[Round "7.1"]
[White "Jasnikowski, Zbigniew"]
[Black "Flis, Jacek"]
[Result "1/2-1/2"]
[WhiteElo "2405"]
[BlackElo "2284"]
[PlyCount "25"]
[EventDate "2005.09.03"]
[EventType "team-tourn"]
[EventRounds "9"]
[EventCountry "POL"]
[SourceTitle "EXT 2019"]
[Source "ChessBase"]
[SourceDate "2018.10.10"]
[SourceVersion "1"]
[SourceVersionDate "2018.10.10"]
[SourceQuality "1"]
[WhiteTeam "Ostrow Wielkopolski"]
[BlackTeam "Czestochowa Hetman"]
[WhiteTeamCountry "POL"]
[BlackTeamCountry "POL"]

1. d4 Nf6 2. c4 d6 3. Nc3 Nbd7 4. e4 e5 5. Nf3 Be7 6. Be2 0-0 7. 0-0 c6 8. Rb1 Re8 9. Re1 Bf8 10. d5 cxd5 11. cxd5 Nc5 12. Nd2 a5 13. a4 1/2-1/2